00693 a2200193 45000010006000000050017000060080041000230030015000640400040000790800104001192450025002232500012002482640028002603000032002885050116003200410008004361000021004447000034004655433120260407155815.0260407a1960 arg spa dAR-UNSa-BCEJYS aAR-UNSa-BCEJYSbspacAR-UNSa-BCEJYS a330.1xCiencia económica. Conceptos fundamentales de teoría económica. Valor. Capital. Fondos10aTeoría económica a2a. ed. 1aMadrid :bAguilarc1960 a2 v. (472 ; 286 p.)c22 cm. a1. Circulación económica - 2. Plan económico y de equilibrio - 3. Teoría del dinero y de la ocupación aspa1 aSchneider, Erich1 aMorera Altisent, Juan Eugenio